000 00653nam a2200217Ia 4500
003 OSt
005 20230510120726.0
008 210423s1980 xx 000 0 und d
040 _cAL
041 _aeng
082 _a307.76
_223
_bSINU
100 _aSINGH (Andrea Manefee);D'SOUZA (Alfred)
_9101932
245 _aUrban poor: slum pavement dwellers in the major cities of india
260 _aNew Delhi
_bManohar Publications
_c1980
300 _bPB
365 _b60
_cINR
650 _aSociology
_9101933
650 _aUrban Communities
_9101934
906 _acities ; dwellers ; india ; major ; pavement ; poor: ; slum ; Urban
942 _2ddc
_cBK
999 _c171819
_d171819